| 000 | 00372cam a2200169ua 4500 | ||
|---|---|---|---|
| 001 | 3026 | ||
| 008 | 140828n1987 II |||gr||||Z||||||eng | ||
| 040 | _aMAIN | ||
| 041 | _aEnglish | ||
| 082 | _a512 MAJ | ||
| 100 | _aMAJUMDAR, A. R. | ||
| 245 | _aCOLLEGE ALGEBRA | ||
| 260 |
_aKOLKATA _bORIENT BOOK CO. _c1987 |
||
| 300 |
_a328: _c20CM. |
||
| 653 | _aAlgebra | ||
| 942 | _cBK | ||
| 999 |
_c3014 _d3014 |
||